| 000 | 00614nam a2200193 i 4500 | ||
|---|---|---|---|
| 001 | 63859 | ||
| 003 | ES-MaACL | ||
| 005 | 20250818173558.0 | ||
| 007 | t| | ||
| 008 | 031217s1975 sp ||||1| spa d | ||
| 100 | 1 |
_aFilgueira Valverde, José, _d1906-1996 _950833 |
|
| 245 | 1 | 0 |
_aCamoens _b: conmemoración del centenario de "Os Lusiadas" / _cJosé Filgueira Valverde. |
| 250 | _a2ª ed. | ||
| 260 |
_aMadrid : _bEd. Nacional, _c[1975] |
||
| 300 |
_a350 p., 8 lám. ; _c22 cm. |
||
| 600 | 1 | 4 |
_aCamões, Luís de, _d1524?-1580 _9181622 |
| 852 |
_aES-MaACL _jE-9017 _bR.93086 |
||
| 999 |
_c63859 _d63859 |
||